Normal view
MARC view
- Gitelson, Alan R.
Entry Personal Name
001 - CONTROL NUMBER
- control field: 38814
003 - CONTROL NUMBER IDENTIFIER
- control field: OSt
005 - DATE AND TIME OF LATEST TRANSACTION
- control field: 20190604145221.0
008 - FIXED-LENGTH DATA ELEMENTS
- fixed length control field: 190604|| aca||aabn | a|a d
040 ## - CATALOGING SOURCE
- Original cataloging agency: OSt
- Transcribing agency: OSt
100 ## - HEADING--PERSONAL NAME
- Personal name: Gitelson, Alan R.
670 ## - SOURCE DATA FOUND
- Source citation: Work cat.: (OSt): Gitelson, Alan R., American government /, ©1996.
